| 000 | 00439nam a22001697a 4500 | ||
|---|---|---|---|
| 005 | 20251108165217.0 | ||
| 008 | 250721s1991 xx 000 0 ara d | ||
| 082 | 1 | 4 | _a922.1/حسي |
| 100 | 1 | _aأمين، حسين أحمد | |
| 245 | 1 | 0 | _aالمائة الأعظم في تاريخ الإسلام / |
| 264 | _c1991. | ||
| 300 | _a318ص | ||
| 650 | 1 | 7 | _aالإسلام |
| 650 | 1 | 7 | _aالتراجم |
| 942 |
_2ddc _cBK |
||
| 999 |
_c22200 _d22200 |
||